2013 NBA Draft-1st Round (Picks 1-15) - Statistics

General Stats
  • This quiz has been taken 470 times
  • The average score is 6 of 15
Answer Stats
Hint Answer % Correct
1 Cleveland Cavaliers Anthony Bennett
94%
2 Orlando Magic Victor Oladipo
72%
3 Washington Wizards Otto Porter
58%
15 Milwaukee Bucks Giannis Antetokounmpo
47%
10 Portland Trail Blazers C. J. McCollum
45%
4 Charlotte Bobcats Cody Zeller
43%
6 New Orleans Pelicans Nerlens Noel
42%
5 Phoenix Suns Alex Len
40%
11 Philedelphia 76ers Michael Carter-Williams
40%
12 Oklahoma City Thunder Steven Adams
39%
7 Sacramento Kings Ben McLemore
30%
9 Minnesota Timberwolves Trey Burke
30%
8 Detroit Pistons Kentavious Caldwell-Pope
26%
14 Utah Jazz Shabazz Muhammad
16%
13 Dallas Mavericks Kelly Olynyk
14%
No matching quizzes found
Score Distribution
Percent of People with Each Score
Percentile by Number Answered
Your Score History
You have not taken this quiz